000 00290nam a2200121Ia 4500
008 220120s9999||||xx |||||||||||||| ||und||
020 _a8128002384
082 _a540 RAB
100 _aRabindra
_911578
245 0 _aEngineering chemistry
260 _bBangalore
_c2000
300 _a515p.
_b250
999 _c136623
_d136623